000 00636nam a2200241Ia 4500
005 20250425162509.0
008 250425s9999 xx 000 0 und d
020 _a9780136102656
041 _aeng
082 _a657.8
100 _aHORNGREN, CHARLES T
245 0 _aINTRODUCTION TO MANAGEMENT ACCOUNTING
250 _a15TH ED.
260 _aEstados Unidos
_bPEARSON EDUCATION
_c2011
260 _aUPPER SADDLE RIVER
300 _a615
650 _aCONTABILIDAD ADMINISTRATIVA
650 _aCOSTOS DE PRODUCCION
650 _aPRESUPUESTOS DE INVERSION
650 _aTOMA DE DECISIONES
942 _c01
010 _a78293
999 _c230417
_d230417